[Event "Dvorkovich Memorial op 8th"]
[Site "Taganrog"]
[Date "2013.07.29"]
[Round "8"]
[White "Sipetin, Vladislav"]
[Black "Dida, Igor"]
[Result "0-1"]
[WhiteElo "2082"]
[BlackElo "1934"]
[PlyCount "76"]
[EventDate "2013.07.22"]
[EventType "swiss"]
[EventRounds "9"]
[EventCountry "RUS"]
[SourceTitle "CBM 155 Extra"]
[Source "ChessBase"]
[SourceDate "2013.08.26"]
[SourceVersion "1"]
[SourceVersionDate "2013.08.26"]
[SourceQuality "1"]

1. e4 c5 2. c3 Nf6 3. e5 Nd5 4. d4 cxd4 5. Nf3 Nc6 6. cxd4 e6 7. Bc4 Bb4+ 8. Bd2 Qa5 9. Bxd5 Qxd5 10. Bxb4 Nxb4 11. Nc3 Qc4 12. Kd2 Qd3+ 13. Kc1 Qg6 14. Qe2 b6 15. Qe4 Bb7 16. Qxg6 hxg6 17. Ne1 Rh4 18. a3 Nd5 19. Nb5 Ke7 20. g3 Rh6 21. Nd6 Bc6 22. f3 Rah8 23. b3 a5 24. h4 g5 25. Ng2 gxh4 26. Nxh4 Kf8 27. Rg1 g5 28. Ng2 f5 29. Kd2 Rh2 30. Kd3 Ne7 31. Ke3 R8h3 32. Kf2 f4 33. Ne4 Bxe4 34. fxe4 Rxg3 35. b4 axb4 36. axb4 Rb3 37. Ra7 g4 38. Rxd7 g3+ 0-1

[Event "Dvorkovich Memorial op"]
[Site "Taganrog"]
[Date "2013.01.19"]
[Round "5"]
[White "Sipetin, Vladislav"]
[Black "Chernyh, V."]
[Result "1/2-1/2"]
[WhiteElo "2058"]
[BlackElo "2148"]
[PlyCount "91"]
[EventDate "2013.01.15"]
[EventType "swiss"]
[EventRounds "9"]
[EventCountry "RUS"]
[SourceTitle "CBM 152 Extra"]
[Source "ChessBase"]
[SourceDate "2013.02.25"]
[SourceVersion "1"]
[SourceVersionDate "2013.02.25"]
[SourceQuality "1"]

1. e4 g6 2. d4 Bg7 3. Nc3 d6 4. Nf3 Nc6 5. Be2 Nf6 6. Be3 Bg4 7. Qd2 h6 8. h3 Bd7 9. 0-0-0 a6 10. Nh4 e5 11. dxe5 Nxe4 12. Nxe4 Qxh4 13. f4 Qe7 14. Nc3 dxe5 15. Nd5 Qd6 16. Bc5 Qxc5 17. Nxc7+ Kf8 18. Nxa8 Nd4 19. c3 Ba4 20. Rde1 Ke7 21. Bg4 Rxa8 22. Qxd4 Qxd4 23. cxd4 f5 24. Bd1 Rc8+ 25. Kd2 Bxd1 26. Rxd1 exf4 27. Rc1 Rxc1 28. Rxc1 Bxd4 29. Rc7+ Kf6 30. Rxb7 g5 31. Ke2 g4 32. b4 Kg5 33. a4 Kh4 34. hxg4 fxg4 35. Rd7 Be3 36. Rd6 Kg3 37. Kf1 h5 38. Rxa6 h4 39. Rg6 f3 40. gxf3 Kxf3 41. Rf6+ Kg3 42. b5 h3 43. Rg6 Kf3 44. Rf6+ Kg3 45. Rg6 Kf3 46. Rf6+ 1/2-1/2

[Event "Dvorkovich Memorial op"]
[Site "Taganrog"]
[Date "2013.01.16"]
[Round "2"]
[White "Sipetin, Vladislav"]
[Black "Mandrikin, Igor"]
[Result "0-1"]
[WhiteElo "2058"]
[BlackElo "2273"]
[PlyCount "62"]
[EventDate "2013.01.15"]
[EventType "swiss"]
[EventRounds "9"]
[EventCountry "RUS"]
[SourceTitle "CBM 152 Extra"]
[Source "ChessBase"]
[SourceDate "2013.02.25"]
[SourceVersion "1"]
[SourceVersionDate "2013.02.25"]
[SourceQuality "1"]

1. e4 c6 2. d4 d5 3. Nc3 dxe4 4. Nxe4 Nd7 5. Bc4 Ngf6 6. Ng5 e6 7. Qe2 Nb6 8. Bd3 c5 9. dxc5 Bxc5 10. Bd2 h6 11. N5f3 Qc7 12. Ne5 Bxf2+ 13. Kxf2 Qxe5 14. Bb5+ Bd7 15. Qxe5 Ng4+ 16. Ke1 Nxe5 17. Bc3 Bxb5 18. Bxe5 f6 19. Bd4 Bc6 20. Kf2 0-0-0 21. Be3 Nc4 22. Ne2 Nxb2 23. Bxa7 Rd2 24. Rac1 Rhd8 25. Be3 Nd1+ 26. Rhxd1 Rxd1 27. Rxd1 Rxd1 28. Nc3 Ra1 29. a4 Bxa4 30. Nxa4 Rxa4 31. Ke2 e5 0-1

[Event "Dvorkovich Memorial op"]
[Site "Taganrog"]
[Date "2013.01.15"]
[Round "3"]
[White "Frolov, Andrey"]
[Black "Sipetin, Vladislav"]
[Result "1/2-1/2"]
[WhiteElo "2198"]
[BlackElo "2058"]
[PlyCount "84"]
[EventDate "2013.01.15"]
[EventType "swiss"]
[EventRounds "9"]
[EventCountry "RUS"]
[SourceTitle "CBM 152 Extra"]
[Source "ChessBase"]
[SourceDate "2013.02.25"]
[SourceVersion "1"]
[SourceVersionDate "2013.02.25"]
[SourceQuality "1"]

1. e4 c6 2. c4 d5 3. exd5 cxd5 4. cxd5 Nf6 5. Qa4+ Nbd7 6. Nc3 g6 7. Nf3 Bg7 8. d6 exd6 9. Be2 0-0 10. Qh4 Re8 11. 0-0 Nc5 12. d4 Ne6 13. Bh6 b6 14. d5 Nc7 15. Bc4 Rb8 16. Bxg7 Kxg7 17. Nd4 Bd7 18. Nc6 Bxc6 19. dxc6 d5 20. Rad1 b5 21. Bb3 b4 22. Na4 Qd6 23. Rc1 Re2 24. Qd4 Nb5 25. Qd3 Re4 26. Nc5 Rd4 27. Qg3 Qxg3 28. fxg3 Rc8 29. Ba4 Nc7 30. Nd7 Ne4 31. Rfd1 Nd2 32. Ne5 Re8 33. Nf3 Nxf3+ 34. gxf3 Rxd1+ 35. Rxd1 Re2 36. Bb3 Rxb2 37. Rd4 a5 38. h4 Kf6 39. h5 Ke5 40. hxg6 hxg6 41. Rf4 Ke6 42. g4 f6 1/2-1/2